MDQL
is popping MORE tags! Check the
thread
!
Quizzes
Events
Quiz Creation
Community
Videos
Private Events
Remove Ads
Sign In
Join for FREE
Feedback
Dark Mode
Quiz Categories
Sports
Geography
Music
Movies
Television
Just For Fun
Miscellaneous
History
Literature
Language
Science
Gaming
Entertainment
Religion
Holiday
For Kids
Quiz Lab
Recent
Popular Today
Quiz Kudos Today
Editor Picks
Curator Picks
Quizzes by...
Day
Popularity
Type
Ratings
Length
Year
Community
Subscriptions
Recent Discussions
Orange Saloon
Badges
Playlists
Quests
Create
Leaderboards
Showdown
Live 5
Trivia Bingo
Activity
Puzzle Library
Sporcle Events
Private Events
Virtual Trivia
Globe League
Become a Host
Pub Owners
SporcleCon
Opinionation
Our Games
Videos
Blog
Mobile Apps
Partnerships
Remove Ads and Go Orange
Feedback
Gaming
Video Games
Board Games
Card Games
Pokémon
Mario
Nintendo
Minecraft
Console
Toys
Legend of Zelda
Gaming
Video Games
Board Games
Card Games
Pokémon
Mario
Nintendo
Minecraft
Console
Toys
Legend of Zelda
Random Quiz
Search Sporcle
×
Quiz Lab
Quiz Lab
Gaming
Psychopath
Type in answers that appear in a list
Type in answers that appear in a list
Classic
Best Score? Go Orange.
Dead Rising Psychopaths Stats
Can you name the Psychopaths from the original Dead Rising?
By
zeldadude97
12m
14 Questions
114 Plays
114 Plays
114 Plays
Comments
Comments
Give Quiz Kudos
Give Quiz Kudos
-
- Ratings
hide this ad
Forced Order
Answers have to be entered in order
Answers have to be entered in order
Random Order
Randomize order of answers
Randomize order of answers
Replay
Link that replays current quiz
Next Quiz
Link to next quiz in quiz playlist
You Got
0%
They Got
Avg Score
81%
Avg Friend Score
Upgrade to see
Score Distribution
Jump to the score distribution portion of the page
Score
0/14
Timer
12:00
0
Plays Today
Scoop/Case
Psychopath
% Correct
Backup for Brad, Rescue the Professor, Bomb Collector
Carlito Keyes
92.1%
Above the Law
Jo Slade
87.7%
The Gun Shop (CTYD)
Cletus Samson
86.8%
Out of Control
Adam MacIntyre
86%
Photographer's Pride
Kent Swanson
85.1%
Long Haired Punk
Paul Carson
82.5%
The Hatchet Man
Cliff Hudson
81.6%
Scoop/Case
Psychopath
% Correct
The Butcher
Larry Chiang
79.8%
Prisoners (CTYD)
Convicts
79.8%
A Strange Group
Sean Keanan
79.8%
Medicine Run
Steven Chapman
78.9%
Girl Hunting
Isabela Keyes
76.3%
Overtime Mode
Brock Mason
73.7%
Mark of the Sniper
Hall Family
71.1%
Quiz Playlist
Details
Report
Send in Message
Add To Playlist
Classic:
Type in answers that appear in a list
Forced Order:
Answers have to be entered in order
Random Order:
Randomize order of answers
Last Updated: Feb 16, 2017
Quiz Scoreboard
CHALLENGE
Sign Up to Join the Scoreboard
Show All
Scores
Hide
Comments
May contain spoilers
Recently Published
1-10 Letter E Words III
by El_Dandy
Language
2m
Street Fighter Characters
by Artimus82
Gaming
60s
College Basketball Coaching Resumes
by pancakes188
Sports
9m
More to Explore
Quiz From the Vault
Featured Blog Post
Where Did the Easter Bunny Come From?
hide this ad
You Might Also Like...
Tags
case
Dead Rising
death
original
Psychopath
Rising
Survivor
Today's Top Quizzes in Gaming
Browse Gaming
hide this ad
Top Contributed Quizzes in Gaming
1
5-to-1: Consoles
2
7-to-1: Board Game Piece Blitz
3
5-to-1: Legend of Zelda
4
League of Legends Pro Players by Career/Team History
5
Destiny 2 exotic weapons by perk icons
6
Ultimate Genshin Impact Logic Puzzle (up to 4.3)
7
Quick Pick: Video Games Lost in Translation
8
Franchise by Action Figure
9
Who's on the WWE 2K24 Cover?
10
Genshin Impact Logic Puzzle Quiz
Explore More
Trending Topics
Harry Potter
NBA
Marvel
Crossword
Disney
Kpop
Anime
Soccer
The Office
WWE
Song
Country
NFL
Puzzle
Pokémon
hide this ad
More By:
zeldadude97
Quiz
Plays
Rating
Category
Featured
Created
Kingdom Hearts Birth By Sleep Bosses
459
3.33
Gaming
Jan 11, 2011
Zelda Bosses by Title
363
5.00
Gaming
May 8, 2010
Banjo Kazooie Series Worlds
184
4.50
Gaming
Jan 13, 2011
Songs in Wicked
162
2.67
Entertainment
May 31, 2010
Dead Rising Psychopaths
114
3.00
Gaming
Feb 15, 2011
Go to Creator's Profile
Score Distribution
Quiz Creator Spotlight
zeldadude97
Follow
Send a Message
Quizzes Created
-
Created Quiz Play Count
-
More By This Creator
Popular Quizzes Today
1
Find the US States - No Outlines Minefield
2
Find the Countries of Europe - No Outlines Minefield
3
The Countries of the World
4
Find the US States
5
Risky Map Clicking: Biggest States A-Z
6
US States
7
Popular People in 1961
8
Movies - When Are They Set?
More Gaming Quizzes
Click the 'M' Pokémon
Quiz Lab
Trending Quizzes
Risky Map Clicking: Least Populous States A-Z
1-10 Letter G Words
1-10 Letter F Words
Countries of the World: 200 Million BC
Risky Map Clicking: Next State Alphabetically
Recently Updated
Rides in Walt Disney World
pecheneg
Most Oscar Losses (Acting)
pecheneg
Beyoncé Albums
pecheneg
Leaping Animals
pecheneg
Reality TV Shows (A-Z)
bhenderson79
Rickey Henderson's Hall of Fame Teammates
pecheneg
Champions League XIs: Arsenal
pecheneg
Quick Pick: Celebrities in WWE's Hall of Fame
aduchscher
A-Z Keypad Blitz II
pecheneg
Multiple Oscar Actors
pecheneg
Trending Topics
Harry Potter
Kpop
Crossword
Disney
Marvel
NBA
Anime
Pokémon
Country
Song
WWE
The Office
NFL
Soccer
Puzzle
Your Account Isn't Verified!
In order to create a playlist on Sporcle, you need to verify the email address you used during registration. Go to your
Sporcle Settings
to finish the process.
Report this User
Report this user for behavior that violates our
Community Guidelines
.
Details:
Send Report
Go to the Sporcle.com Mobile Site →
Comments